| 000 | 00936nac a22002891u 4500 | ||
|---|---|---|---|
| 010 | _a 56008833 | ||
| 035 | _a(OCoLC)365027 | ||
| 082 |
_a813 _bH982 |
||
| 090 |
_c2999 _d2999 |
||
| 100 | _aHuxley, Aldous, | ||
| 245 | 1 | 0 |
_aBrave new world / _cAldous Huxley. |
| 260 |
_aNew York, _bModern Library _c[1956, c1946] |
||
| 300 | _a310 p. | ||
| 490 | 0 | _aThe Modern library of the world's best books [48] | |
| 500 | _aDontions. | ||
| 500 | _aDonations - Dr. Mostafa gouda | ||
| 650 | 0 |
_aPassivity (Psychology) _vFiction. |
|
| 650 | 0 |
_aGenetic engineering _vFiction. |
|
| 650 | 0 |
_aTotalitarianism _vFiction. |
|
| 650 | 0 |
_aCollectivism _vFiction. |
|
| 655 | 7 | _aPsychological fiction. | |
| 655 | 7 | _aPolitical fiction. | |
| 655 | 7 | _aScience fiction. | |
| 655 | 7 | _aDystopias. | |
| 942 |
_cBB _k813H982 |
||
| 999 |
_c2999 _d2999 |
||